000
00343nam a22001577a 4500
003
SGT
020
_a
9788175346123
082
_a
346.820954,GUP
100
_a
GUPTA,S.N
245
_a
SUPREME COURT ON BANKING LAW
250
_a
5TH
260
_a
NEW DELHI
_b
UNIVERSAL BOOKS
_c
2007
300
_a
735
650
_a
BANKING LAW
942
_2
ddc
_c
BK
999
_c
9745
_d
9745